[Informačné systémy v manažmente znalostí]
Recenzia na vysokoškolské skriptá Informačné systémy v manažmente znalostí, ktorých autorom je Andrej Miklošík. Skriptá prinášajú možnosť hlbšie porozumieť a zároveň prakticky uchopiť manažment znalostí a jeho fungovanie s pomocou rôznych softvérových riešení. Skriptá pozostávajú z dvoch kapitol, kt...
Gespeichert in:
| 1. Verfasser: | |
|---|---|
| Format: | Buchkapitel |
| Sprache: | Slowakisch |
| Schlagworte: | |
| Tags: |
Keine Tags, Fügen Sie das erste Tag hinzu!
|
MARC
| LEADER | 00000nla a2200000 4500 | ||
|---|---|---|---|
| 001 | 0208332 | ||
| 005 | 20240502073450.0 | ||
| 041 | 0 | |a slo | |
| 044 | |a SK | ||
| 245 | 1 | 0 | |a [Informačné systémy v manažmente znalostí] |c Janka Kopaničová |
| 520 | |a Recenzia na vysokoškolské skriptá Informačné systémy v manažmente znalostí, ktorých autorom je Andrej Miklošík. Skriptá prinášajú možnosť hlbšie porozumieť a zároveň prakticky uchopiť manažment znalostí a jeho fungovanie s pomocou rôznych softvérových riešení. Skriptá pozostávajú z dvoch kapitol, ktoré sú ďalej bohato vnútorne členené. | ||
| 610 | 2 | 0 | |a systémy informačné |
| 610 | 2 | 0 | |a riadenie znalostí |
| 610 | 2 | 0 | |a softvér |
| 610 | 2 | 0 | |a učebnice |
| 610 | 2 | 0 | |a recenzie |
| 610 | 2 | 0 | |a vzdelávanie vysokoškolské |
| 100 | 1 | |a Kopaničová, Janka, 1979- | |